000 00381nam a2200145Ia 4500
008 231129s1995||||xx |||||||||||||| ||spa||
020 _a958-24-0185-0
040 _bspa
082 _aCo863.44 M516v
100 _aMejia Vallejo Manuel
245 0 _aLa venganza y otros relatos
260 _c1995
264 _aSantillana
942 _2ddc
_cBKS
999 _c18411
_d18411